00281nam a22000857a 4500008004100000010001700041245007100058260002300129500004300152150722b xxu||||| |||| 00| 0 eng d 8HCCRSARF:035 aHIGH COURT CRIMINAL SESSION NO.115 OF 1976 Uganda Vs Matiya Makumu aHigh Court Kampala 3BEFORE: Hon. Mr. Justice F.K. Butagira